Andreae Piquerii Archiatri Praxis medica : (Record no. 162193)

MARC details
000 -LEADER
campo de control de longitud fija 01158nam a2200241 i 4500
001 - NÚMERO DE CONTROL
campo de control 162193
003 - IDENTIFICADOR DE NÚMERO DE CONTROL
campo de control ES-MaACL
005 - FECHA Y HORA DE LA ÚLTIMA TRANSACCIÓN
campo de control 20250807062550.0
008 - DATOS DE LONGITUD FIJA--INFORMACIÓN GENERAL
campo de control de longitud fija 960320m17641766sp |||| | lat d
040 ## - FUENTE DE CATALOGACIÓN
Centro catalogador/agencia de origen CLM
Lengua de catalogación spa
Centro/agencia transcriptor CCPB | SIC
100 1# - ENTRADA PRINCIPAL--NOMBRE DE PERSONA
Nombre de persona Piquer, Andrés,
Fechas asociadas al nombre 1711-1772
Término indicativo de función/relación Autor
9 (RLIN) 92322
245 10 - MENCIÓN DEL TÍTULO
Título Andreae Piquerii Archiatri Praxis medica :
Resto del título ad usum Scholae Valentinae ; pars prior [-posterior].
260 ## - PUBLICACIÓN, DISTRIBUCIÓN, ETC.
Lugar de publicación, distribución, etc. Matriti :
Nombre del editor, distribuidor, etc. apud Joachinum Ibarram...,
Fecha de publicación, distribución, etc. 1764-1766.
300 ## - DESCRIPCIÓN FÍSICA
Extensión 2 volúmenes ([6], 230 ; [6], 274 páginas) ;
Dimensiones 21 cm.
Otras características físicas
597 ## - NOTA DE DESCRIPCIÓN FÍSICA
NOTA DE DESCRIPCIÓN FÍSICA Sign. : []3, A-Z4, 2A-2E4, 2F3 ; [ ]3, A-Z4, 2A-2L4, 2M1.
597 ## - NOTA DE DESCRIPCIÓN FÍSICA
NOTA DE DESCRIPCIÓN FÍSICA Port. con grab. xil.
650 #7 - PUNTO DE ACCESO ADICIONAL DE MATERIA--TÉRMINO DE MATERIA
Término de materia o nombre geográfico como elemento de entrada Medicina
Fuente del encabezamiento o término embne
9 (RLIN) 14891
650 #7 - PUNTO DE ACCESO ADICIONAL DE MATERIA--TÉRMINO DE MATERIA
Término de materia o nombre geográfico como elemento de entrada Práctica médica
Fuente del encabezamiento o término embne
9 (RLIN) 156012
852 ## - LOCALIZACIÓN
Ubicación ES-MaACL
Ubicación en estantería Depósito
Signatura antigua Olim: G14106-07
Marcas de propiedad Ex-libris ms. de Diego I. Parada y Barreto
-- Ex-libris ms. de Luis González Cordero, beato de Rojas
-- Ex-libris ms. de Luis González Cordero, médico de Jerez de la Frontera (v. 1)
Anotaciones manuscritas An. ms. en h. de guarda: índice de las obras del autor (v. 2)
Número de control de estantería R-1442-43
Encuadernación Pergamino
942 ## - ELEMENTOS DE ENTRADA SECUNDARIOS (KOHA)
Fuente del sistema de clasificación o colocación Clasificación decimal universal
Tipo de ítem Koha Libro impreso antiguo
Suprimir en OPAC No
Holdings
Estatus retirado Estado de pérdida Estado de daño No para préstamo Colección Biblioteca de origen Biblioteca actual Ubicación en estantería Fecha de adquisición Total de préstamos Signatura topográfica completa Código de barras Visto por última vez Precio de reemplazo Tipo de ítem Koha
        Libros del s. XVIII Biblioteca del Ateneo de Madrid Biblioteca del Ateneo de Madrid Depósito 17/01/2008   R-1442-43 1169915 23/02/2023 23/02/2023 Libro impreso antiguo